000 00416nam a2200157Ia 4500
008 160316s1988 xxu||||| |||| 00| 0 eng d
082 _a333.507410
_bMAY
100 _aMaynes David E
245 _aThe economic impact of leasing
250 _a
260 _aLondon
_bMacmillan
_c1988
300 _a170p.
_b20 cm
_cx
365 _b
650 _a1.Leases - U K 2.Economic Conditions - U K
700 _aNicholas Clives
_a
999 _c5895
_d5895